Návrh dopravného riešenia zapojenia mestského mosta z Hradného brala do Petržalky

Na minha lista:
Detalhes bibliográficos
Autor principal: Ocelák, Roman (Author)
Outros Autores: Schlosser, Tibor (Thesis advisor)
Formato: Manuscrito Livro
Idioma:eslovaco
Publicado em: 2019
Assuntos:
Acesso em linha:http://is.stuba.sk/zp/portal_zp.pl?podrobnosti=145827
https://opac.crzp.sk/?fn=detailBiblioForm&sid=9F8942B94996237AA8FE1CF666DC
Tags: Adicionar Tag
Sem tags, seja o primeiro a adicionar uma tag!

MARC

LEADER 00000ntm a22000003a 4500
001 stuzp72611
003 SK-STU
005 20230608144441.9
007 ta
008 150427s2015----xo-----f-mn---000-0-slo-d
040 |a STU  |b slo 
041 0 |a slo 
100 1 |a Ocelák, Roman  |u 010120  |k Z4  |4 aut  |U SvF Stavebná fakulta  |T SvF Katedra dopravných stavieb  |X 82521  |U V120  |Y 12  |7 82521 
242 0 1 |a Proposal for transport solutions of city bridge connection from the Petržalka to Castle cliff  |y eng 
245 1 0 |a Návrh dopravného riešenia zapojenia mestského mosta z Hradného brala do Petržalky 
260 |c 2019 
650 4 |a električková trať  |2 slo 
650 4 |a mestský most  |2 slo 
650 4 |a križovatka  |2 slo 
650 4 |a intenzita dopravy  |2 slo 
650 4 |a dopravné plánovanie  |2 slo 
650 4 |a tramway  |2 eng 
650 4 |a city bridge  |2 eng 
650 4 |a junction  |2 eng 
650 4 |a traffic volume  |2 eng 
650 4 |a traffic planning  |2 eng 
700 1 |a Schlosser, Tibor  |u 010120  |k Z1  |4 ths  |U SvF Stavebná fakulta  |T SvF Katedra dopravných stavieb  |X 68495  |U V120  |Y 12  |7 68495 
856 4 |u http://is.stuba.sk/zp/portal_zp.pl?podrobnosti=145827 
856 4 |u https://opac.crzp.sk/?fn=detailBiblioForm&sid=9F8942B94996237AA8FE1CF666DC